000
00339 a2200157 4500
001
65702
020
_a
9788563066091
040
_c
Anchieta - Pituba
100
_a
Ribas, Lycio Vellozo
240
1
0
_a
O mundo das copas
_l
por
245
1
0
_a
O mundo das copas
300
_a
584
362
0
_a
2010
650
4
_a
.Copas do mundo
942
_c
BK
999
_c
65702
_d
65702